SEC+ SY0-701 Ports and Protocols - Statistics

General Stats
  • This quiz has been taken 24 times
  • The average score is 12 of 36
Answer Stats
Port Protocol % Correct
TCP 80 HTTP
100%
TCP 20, 21 FTP
91%
TCP 443 HTTPS
91%
TCP/UDP 53 DNS
82%
TCP 25 SMTP
73%
TCP 143 IMAP
55%
TCP 110 POP3
55%
TCP 3389 RDP
55%
TCP 23 Telnet
55%
TCP/UDP 88 Kerberos
45%
TCP/UDP 389 LDAP
45%
TCP 445 SMB
45%
UDP 161, 162 SNMP
45%
TCP 989, 990 FTPS
36%
UDP 123 NTP
36%
TCP 3306 MySQL
27%
TCP/UDP 137-139 NetBIOS
27%
UDP 1812, 1813 RADIUS
27%
UDP 67, 68 DHCP
18%
TCP 3868 Diameter
18%
TCP 993 IMAPS
18%
TCP 636 LDAPS
18%
UDP 69 TFTP
18%
UDP 500 IPSec
9%
TCP 1433 Microsoft SQL
9%
TCP 119 NNTP
9%
TCP 995 POP3S
9%
TCP/UDP 135 RPC
9%
UDP 5004 SRTP
9%
TCP 22 SSH, SFTP, SCP
9%
UDP 514 Syslog
9%
TCP 49 TACACS+
9%
UDP 1701 L2TP
0%
TCP 1521 Oracle SQL
0%
TCP 1723 PPTP
0%
TCP/UDP 5060, 5061 SIP
0%
No matching quizzes found
Score Distribution
Percent of People with Each Score
Percentile by Number Answered
Your Score History
You have not taken this quiz